000 00354nam a2200133Ia 4500
008 240624s9999 xx 000 0 und d
041 _aeng
082 _a658 MAR
100 _aMARQUES JOAN
245 _aBUSINESS ADMINISTRATION EDUCATION CHANGE
260 _c2012
_aNew York
_bPalgrave Macmillan
300 _ax, : 246 : p. : cm. ; 22
365 _cGBP
_b50
999 _c27173
_d27173